000 00804nam a2200205Ii 4500
003 JO-AjNU
008 230605s9999||||xx |||||||||||||| ||und||
020 _a978-84-16982-08-0
040 _aJO-AjNU
_bara
_erda
_cJO-AjNU
041 _aara
050 1 4 _aRT69 2016
100 3 _aرزق،اوسلا وآخرون ؛ تحرير: عبير سعد، زغلول عيسوي,
_eauthor
_957417
245 0 0 _aمشروع تيوننج الشرق الأوسط وشمال أفريقيا: نقاط مرجعية لتصميم وتقديم برامج جامعية في التمريض
264 3 1 _aبلباو: جامعة ديوستو، 2016
300 _a55ص
336 _atext
_btxt
_2rdacontent
337 _aunmediated
_bn
_2rdamedia
338 _avolume
_bnc
_2rdacarrier
650 4 _aتمريض- تعليم
_957418
999 _aA25726
_c29294
_d29294